000 00702nam a22002177a 4500
003 UA-OsUOA
001 39245
007 ta
008 20080331b un ||||| |||| 00| 0 ukr d
090 _a09-94(470+571)
942 _cBK
040 _aUA-OsUOA
_brus
_cUA-OsUOA
_dUA-OsUOA
245 _aИсторический обзор устройств и содержания водных путей и портов в Росии за столетний период 1798-1898
_cСклав С.М.Житков
300 _a264 с.
955 _a1
041 _arus
080 _a09-94(470+571)
260 _aС.-Петербург
_c1900
650 7 _a0 Загальний відділ.
_2UDC
999 _c437762
_d437762